000 00465nam a2200181Ia 4500
008 230711s9999||||xx |||||||||||||| ||und||
020 _a978-0-7020-7277-2
041 _aENG
082 _a612
_bWA-A
100 _aWaugh,Anne
245 0 _aRoss & Wilson Anatomy and Physiology in Health and Illness
250 _a13th Ed.
260 _c2018
_aNew York
_bElsevier Health Science
300 _a560p.
650 _aPharmacy
700 _aGrant,Allison
942 _cBK
999 _c7459
_d7459